Cuadernos PNUD-MPS investigaciones sobre desarrollo social en Colombia : (Registro nro. 12620)

Detalles MARC
000 -LEADER
fixed length control field 02041nam a2200289Ia 4500
003 - CONTROL NUMBER IDENTIFIER
control field OSt
005 - DATE AND TIME OF LATEST TRANSACTION
control field 20211005123326.0
008 - FIXED-LENGTH DATA ELEMENTS--GENERAL INFORMATION
fixed length control field 210310s2004 ck ad gr 000 0 spa d
020 ## - INTERNATIONAL STANDARD BOOK NUMBER
International Standard Book Number 9589545041
040 ## - CATALOGING SOURCE
Original cataloging agency CO-JMCR
Transcribing agency CO-JMCR
041 0# - LANGUAGE CODE
Language code of text/sound track or separate title spa
082 04 - DEWEY DECIMAL CLASSIFICATION NUMBER
Classification number 338.47677 /
Item number B517c
Edition number 23
100 1# - MAIN ENTRY--PERSONAL NAME
Personal name Bernal Castillo, Fernando,
Relator term autor
9 (RLIN) 28743
245 10 - TITLE STATEMENT
Title Cuadernos PNUD-MPS investigaciones sobre desarrollo social en Colombia :
Remainder of title crisis algodonera y violencia en el departamento del Cesar /
Statement of responsibility, etc. Fernando Bernal Castillo, Fernando Herrera Araújo
260 ## - PUBLICATION, DISTRIBUTION, ETC.
Place of publication, distribution, etc. Bogotá :
Name of publisher, distributor, etc. Ministerio de Protección Social,
Date of publication, distribution, etc. 2004.
300 ## - PHYSICAL DESCRIPTION
Extent 113 páginas :
Other physical details ilustraciones y gráficas en blanco y negro ;
Dimensions 24 cm.
490 0# - SERIES STATEMENT
Series statement Cuadernos PNUD ;
Volume/sequential designation 2
500 ## - GENERAL NOTE
General note Incluye datos biográficos de los autores en solapa frontal.
504 ## - BIBLIOGRAPHY, ETC. NOTE
Bibliography, etc. note Bibliografía : página 129-133.
505 0# - FORMATTED CONTENTS NOTE
Formatted contents note De sociedad pastoril a capitalismo agrario. -- Reforma a la estructura de derecho de propiedad. -- Crecimiento y generación de riqueza. -- El fin del boom económico. -- Irrupción de las violencias. El paramilitarismo.
520 0# - SUMMARY, ETC.
Summary, etc. Basados en el principio según el cual conocer el problema es un paso indispensable para encontrar las mejores soluciones, el Programa de las Naciones Unidas para el Desarrollo y el Ministerio de la Protección Social de Colombia han decidido editar esta serie de Cuadernos, como una publicación que debe aportar al conocimiento de los temas sociales con investigaciones y estudios realizados por colombianos de diversos orígenes, especialidades y regiones. De este modo, el PNUD y el MPS abren un nuevo espacio para el diálogo y el debate público sobre temas que, ya sea desde el estudio especializado o bien desde el relato vivencial, son de importancia para todos los colombianos.
650 14 - SUBJECT ADDED ENTRY--TOPICAL TERM
Topical term or geographic name entry element Capitalismo agrario
9 (RLIN) 40930
650 24 - SUBJECT ADDED ENTRY--TOPICAL TERM
Topical term or geographic name entry element Reforma
General subdivision Agraria
Geographic subdivision Colombia
9 (RLIN) 40931
650 24 - SUBJECT ADDED ENTRY--TOPICAL TERM
Topical term or geographic name entry element Derechos de propiedad
General subdivision Agrario
Geographic subdivision Colombia
9 (RLIN) 40932
700 1# - ADDED ENTRY--PERSONAL NAME
Personal name Herrera Araújo, Fernando,
Relator term autor
9 (RLIN) 40933
942 ## - ADDED ENTRY ELEMENTS (KOHA)
Source of classification or shelving scheme Dewey Decimal Classification
Koha item type Books
Existencias
Withdrawn status Lost status Source of classification or shelving scheme Damaged status Not for loan Home library Current library Shelving location Date acquired Source of acquisition Full call number Barcode Date last seen Copy number Price effective from Koha item type
    Dewey Decimal Classification     Biblioteca Pública José María del Castillo y Rada Biblioteca Pública José María del Castillo y Rada General Stacks 04/15/2018 Donación 338.47677 / B517c 430005196 05/16/2024 Ej.1 03/10/2021 Books